| 000 | 00410nam a2200169Ia 4500 | ||
|---|---|---|---|
| 008 | 230524s9999 xx 000 0 und d | ||
| 020 | _a9788120352582 | ||
| 082 | _bKAN | ||
| 100 |
_aPrithvi Singh Kandhal _942833 |
||
| 245 | 0 | _aBituminous Road Construction in India | |
| 250 | _a1 | ||
| 260 |
_aNew Delhi _bPHI |
||
| 300 | _a"XI,369p;" | ||
| 500 | _aQuantity Number: 1 | ||
| 650 | _aCivil | ||
| 942 | _cBK | ||
| 999 |
_c57805 _d57805 |
||